Medagliere Ciclismo ai Giochi Olimpici - Statistics

Statistiche generali
  • Questo quiz è stato fatto 130 volte
    64 dall'ultimo reset
  • Il punteggio medio è 13 su 16
Statistiche sulle risposte
Medaglie complessive Medaglie d'Oro Medaglie d'Argento Medaglie di Bronzo Rappresentativa olimpica % Corretto
63 35 16 12 Italia
100%
51 15 18 18 Germania
98%
16 5 5 6 Spagna
98%
66 20 24 22 Stati Uniti
98%
102 44 29 29 Francia
97%
68 26 25 17 Paesi Bassi
92%
32 9 9 14 Belgio
88%
110 40 39 31 Gran Bretagna
88%
19 5 5 9 Russia
88%
25 6 11 8 Svizzera
82%
62 18 21 23 Australia
72%
16 2 5 9 Canada
72%
29 8 11 10 Danimarca
67%
18 4 5 9 Svezia
62%
24 11 4 9 Unione Sovietica
42%
16 6 6 4 Germania Est
23%
Nessun quiz corrispondente trovato
Distribuzione punteggi
Percentuale di utenti per punteggio
Percentile per numero di risposta
I tuoi punteggi nel tempo
Non hai fatto questo quiz dall'ultimo reset